=LDR 00000nam 2200000 4500 =001 INLIS000000000041502 =005 20130612151031 =008 ***********************************Ind** =035 ##$$0010-061300000041502 =041 ##$$a Ind =082 ##$$a 646.7 =090 ##$$a 646.7, Ren t =100 ##$$a Renata, Azka =245 ##$$a Tips bugar dan sexy, untuk remaja putri dan ibu - ibu, Azka Renata =260 ##$$a 2010 $b Yogyakarta =300 ##$$a viii 177 hlm, 20 cm =850 ##$$a NBPNMAT